| 000 | 01932nam0a2200349 4500 | ||
|---|---|---|---|
| 001 | RU\NLR\bibl\1454975 | ||
| 005 | 20260405090957.0 | ||
| 010 |
_a978-5-88156-520-6 _9100 |
||
| 021 |
_aRU _b2009-88290 _95558 |
||
| 035 | _a(NLR Aleph) 001446783 | ||
| 090 |
_a1497654 _c1497654 |
||
| 100 | _a20091218d2009 |||y0rusy50 ca | ||
| 101 | 0 | _arus | |
| 102 | _aRU | ||
| 105 | _aa ||||||||| | ||
| 200 | 1 |
_aПути снижения производственно-обусловленной заболеваемости и травматизма работников АПК _eмонография _fЗайнишев А.В., Горшков Ю.Г., Юсупов Р.Х. _gМ-во сел. хоз-ва Рос. Федерации, Деп. науч.-технол. политики и образования, ФГОУ ВПО "Челяб. гос. агроинж. ун-т" |
|
| 210 |
_aЧелябинск _cФГОУ ВПО "Челябинский государственный агроинжеерный университет" _d2009 |
||
| 215 |
_a203 с. _cил. _d21 |
||
| 320 | _aБиблиогр.: с. 182-200 (229 назв.) | ||
| 606 | 1 |
_aРаботники агропромышленных комплексов _xПроизводственный травматизм _92586076 _3RU\NLR\auth\661528529 |
|
| 606 | 1 |
_aРаботники агропромышленных комплексов _xЗаболеваемость _92590892 _3RU\NLR\auth\661531133 |
|
| 686 | _aР124.54-4 | ||
| 700 | 1 |
_aЗайнишев _bА. В. _gАльфред Варисович _4070 |
|
| 701 | 1 |
_4070 _8rus _7ca _aГоршков _bЮ. Г. _f1935- _gЮрий Германович _3RU\NLR\auth\7732483 _915491 |
|
| 701 | 1 |
_aЮсупов _bР. Х. _gРамазан Хабибрахманович _4070 |
|
| 801 | 0 |
_aRU _bNLR _c20091218 _gRCR |
|
| 801 | 1 |
_aRU _bNLR _c20091218 |
|
| 830 | _aавт. по кн. | ||
| 942 | _cBOOK | ||
| 980 | _aNB | ||
| 980 | _aNBR | ||